1200 1957 1331 1363 1421 1645 1142 1977 1174 1110 1074 1500 1858 1290 1891 1619 1553 1962 1146 1322 1866 1344 1770 1076 1876 1862 1642 1321 1985 1405 1479 1967 1599 1918 1252 1313 1207 1125 1978 1922 1388 1803 1144 1530 1736 1004 1959 1247 1898 1302 1404 1267 1271 1590 1594 1101 1294 1012 1027 1568 1478 1978 1543 1993 1390 1591 1909 1406 1250 1429 1507 1828 1434 1241 1383 1225 1381 1296 1429 1365 1583 1614 1813 1673 1016 1908 1633 1325 1576 1529 1376 1819 1959 1682 1404 1206 1001 1479 1840 BCNSPRNW ULIB Ver.6.0+V

เปลี่ยนเป็นภาษาไทย

Change to English
 แสดงรายละเอียดบรรณานุกรม
  กลับหน้าหลัก

Brief Record : Get Marc (ISO 2709) : E-mail record : QR code < ปิดหน้าต่าง
LEADER : 00000nam 2200000uu 4500
001    13399124615
003     ULIB
008    151022s2558||||th 000 0 tha d
060 04 ^aWY159^bน928
245 00 ^aแนวปฏิบัติการพยาบาลทางคลินิกสำหรับผู้ป่วยเด็กระยะสุดท้าย /^cบรรณาธิการ,รัชนี สีดา ... [และคนอื่นๆ]
250    ^aพิมพ์ครั้งที่ 2
260    ^a[นนทบุรี] :^bสภาการพยาบาล และสมาคมพยาบาลแห่งประเทศไทยฯ,^c2558
300    ^a84 หน้า ;^c30 ซม.
500    ^aสนับสนุนโดย สำนักงานคณะกรรมการสุขภาพแห่งชาติ
650  4 ^aการพยาบาลกุมารเวชศาสตร์
650  4 ^aผู้ป่วยหนัก, การดูแล
650  4 ^aผู้ป่วยระยะสุดท้าย^xการดูแล
700 0  ^aรัชนี สีดา,^eบรรณาธิการ
710 2  ^aสมาคมพยาบาลแห่งประเทศไทยฯ
710 2  ^aสภาการพยาบาล
945    ^p0^l0^i000147
999    ^aเกษร โพธิ์สุวรรณ
รายการนี้ยังไม่มีแท็ก
คุณยังไม่ได้ล็อกอิน คุณสามารถมีกิจกรรมร่วมกับเว็บไซต์ได้ แต่ต้องล็อกอินก่อน ::
  ล็อกอิน

รายการสื่อสารสนเทศ

ลำดับที่ ประเภท เลขเรียก/บาร์โค้ด สถานที่ สถานะ
1. Book การพยาบาล
หนังสือสำรอง
สถานะ=หนังสือสำรอง
WY159 น928 ฉ.1 
  Barcode: 000147
ห้องสมุดวิทยาเขตสวรรค์ประชารักษ์
►หนังสือทั่วไป
บนชั้น

รายการใกล้เคียง
    หัวเรื่อง [การพยาบาลกุมารเวชศาสตร์]
    หัวเรื่อง [ผู้ป่วยหนัก, การดูแล]

BibComment


ยังไม่เคยถูกคอมเมนท์

คอมเมนท์ทรัพยากรรายการนี้
  คอมเมนท์: แนวปฏิบัติการพยา..


 Copyright 2026. Bcnsprnw @Library